|
|
|
|
| LEADER |
00000nab a2200000 ar4500 |
| 001 |
vtls008941178 |
| 003 |
SK-MaSNL |
| 005 |
20260303070823.0 |
| 008 |
070131c2006 xo |||||||||||000 b|slo |
| 015 |
|
|
|a SNBRB2007/01
|2 snkbucl
|
| 038 |
|
|
|a SNKBUCL
|
| 040 |
|
|
|a SNKBUCL
|b slo
|c SNKBUCL
|e AACR2
|
| 041 |
0 |
|
|a slo
|
| 044 |
|
|
|a xo
|c SK
|
| 080 |
|
|
|a 635.921.054
|2 1997
|
| 100 |
1 |
|
|a Kvizdová, Jana
|4 aut
|9 859035
|
| 245 |
1 |
0 |
|a 10 najžiadanejších drevín do nádob
|c Jana Kvizdová
|
| 246 |
3 |
|
|a Desať najžiadanejších drevín do nádob
|
| 300 |
|
|
|b Fotogr.
|
| 650 |
0 |
7 |
|a okrasné záhradné rastliny
|2 snkbucl
|9 311448
|
| 650 |
0 |
7 |
|a okrasné dreviny
|2 snkbucl
|9 3727
|
| 650 |
0 |
7 |
|a črepníkové rastliny
|2 snkbucl
|9 67747
|
| 773 |
0 |
|
|t Záhradkár
|g Roč. XLII, č. 11 (2006), s. 17-20
|x 0862-5565
|
| 852 |
|
|
|a SNK
|b KIS3GCP
|
| 999 |
|
|
|c 1757060
|d 1758990
|